| 000 | 00891cam a22002777a 4500 | ||
|---|---|---|---|
| 003 | CHAP | ||
| 005 | 20220329133757.0 | ||
| 008 | 971013s1993 r 00010 d | ||
| 010 | _a10731 | ||
| 011 | _a11703 | ||
| 035 | _a10942 | ||
| 040 | _cCHAP | ||
| 082 |
_a635 _bK9 |
||
| 100 | 0 | 0 |
_aKyle, Molly M. _eed. _964169 |
| 245 | 0 |
_aResistance to viral diseases of vegetables _b: genetic and breeding |
|
| 260 |
_aPortland, Oregon : _bTimber, _c1993 |
||
| 300 | _a278 p. | ||
| 590 |
_aBATCH-UPD _b10 _c20130110 _lUCH01 _h0026 |
||
| 590 |
_aBATCH-UPD _b10 _c20130110 _lUCH01 _h2320 |
||
| 590 |
_aCONVERSION _b10 _c20130109 _lUCH01 _h1307 |
||
| 650 | 1 | 4 |
_aCultivos _xVariedades resistentes a enfermedades. _930335 |
| 650 | 1 | 4 |
_aLegumbres _xEnfermedades por virus. _965713 |
| 901 | _aBK | ||
| 942 | _cLIBRO | ||
| 949 |
_a635.009 k9 _bBC _cLIBRO _d33724000812848 _eLIBRO _gI.179178 _h88198 _i10942 _si _t286.00 |
||
| 999 |
_c10731 _d10731 |
||